000
00317nam a22001337a 4500
008
171005b xxu||||| |||| 00| 0 eng d
020
_a
2901285444917
041
_a
eng
080
_2
7 ED
_a
159.9
100
_a
159.9
101
_a
PSI
245
_a
ADULT DEVELOPMENT AND AGING
_c
CAVANAUGH.J.C
942
_2
udc
_c
BK
999
_c
32047
_d
32047